| 000 | 01182cam a2200313 i 4500 | ||
|---|---|---|---|
| 001 | 16014842 | ||
| 005 | 20170105102916.0 | ||
| 008 | 091120t20092009enkaf b 001 0beng | ||
| 010 | _a 2009305595 | ||
| 020 | _a9780007353378 | ||
| 025 | _aI-E-2009-305595; 66-09 | ||
| 035 | _a(IN-NdUBS) 2009305595 | ||
| 037 |
_bLibrary of Congress -- New Delhi Overseas Office _cRs499.00 |
||
| 040 |
_aDLC _beng _cDLC _dDLC _erda |
||
| 042 |
_alcode _apcc |
||
| 043 | _aa-pk--- | ||
| 050 | 0 | 0 |
_aGV915.K54 _bS26 2009 |
| 100 | 1 |
_aSandford, Christopher, _d1956- |
|
| 245 | 1 | 0 |
_aImran Khan : _bthe cricketer, the celebrity, the politician : the biography / _cChristopher Sandford. |
| 260 |
_aLondon : _bHarperCollins Publishers, _c2009, ©2009. |
||
| 300 |
_axiii, 402 pages, 8 unnumbered pages of plates : _billustrations ; _c25 cm |
||
| 504 | _aIncludes bibliographical references (page 379) and index. | ||
| 600 | 1 | 0 |
_aKhan, Imran, _d1952- |
| 650 | 0 |
_aCricket captains _zPakistan _vBiography. |
|
| 650 | 0 |
_aPoliticians _zPakistan _vBiography. |
|
| 906 |
_a7 _bcbc _corigode _d3 _encip _f20 _gy-gencatlg |
||
| 942 |
_2ddc _cBK |
||
| 999 |
_c15371 _d15371 |
||